000 01008nam a22002535i 4500
001 167316
003 ES-MaACL
005 20250818063112.0
008 020926s1886 sp a |||| | spa d
040 _aEUS
_bspa
_cEUS
100 1 _aVerne, Jules,
_d1828-1905
_9188654
245 1 0 _aRobur el conquistador /
_cpor Julio Verne ; traducción de Carlos Ochoa.
250 _aEd. ilustrada ... / por Benett.
260 _aMadrid :
_bAgustín Jubera,
_c1886 (
_fimprenta de Enrique Rubiños)
300 _a1 v. :
_bil. ;
_c27 cm.
500 _a2 pt. en 1 v.
530 _aDisponible en formato digital.
597 1 _aPrimera parte (62 p.) -- Segunda parte (64 p.)
700 1 _aBénett, Léon,
_d1839-1916
_927541
700 1 _aOchoa, Carlos de.
_9130593
852 _aES-MaACL
_jC-1714(2)
_z-- Enc. hol.
_z-- Legado de Modesto de la Fuente
_z-- Enc. 2 partes en 1 v.
856 _uhttp://bdh-rd.bne.es/viewer.vm?id=0000051299&page=1
_zBiblioteca Digital Hispánica
999 _c167316
_d167316